000 00955 a2200205 4500
001 59204
005 20260407155846.0
008 260407a2009 arg spa d
003 AR-UNSa-BCEJYS
040 _aAR-UNSa-BCEJYS
_bspa
_cAR-UNSa-BCEJYS
080 _a327
_xRelaciones internacionales. Política internacional. Asuntos internacionales. Política exterior
245 1 0 _aLa Argentina ante la nueva internacionalización de la producción
_pcrisis y oportunidades
020 _a978-987-25514-0-7
264 1 _aBuenos Aires :
_bCEPAL
_c2009
300 _a312 p.
_c22 cm.
505 _a1. Crisis internacional y estrategia macroeconómica – 2. Comercio e inserción internacional – 3. Inversión extranjera directa y cadenas de valor en la industria y servicios – 4. Cadenas de valor en la agroindustria – 5. Modelos y escenarios multisectoriales
942 _cBK
590 _aniveau_biblio:m niveau_hierar:0
100 1 _aKosacoff, Bernardo
999 _c6623
_d6623